EL MISTICISMO ESPAÑOL /

INDICE

Guardado en:
Bibliografiske detaljer
Hovedforfatter: Peers, E. Allison (autor)
Format: Bog
Serier:AUSTRAL ; 671
Fag:
Tags: Tilføj Tag
Ingen Tags, Vær først til at tagge denne postø!

MARC

LEADER 00000nam^a2200000^a^4500
001 000239517
005 20250521000000.0
009 20260310105058.709
035 |a 061158 
037 |a Acervo Xavier Clavigero 
082 |a 808. 8  |b PEE 
100 |a Peers, E. Allison  |e (autor) 
245 1 3 |a EL MISTICISMO ESPAÑOL /  |c E. ALLISON PEERS ; TR. CARLOS CLAVERIA 
264 |a BUENOS AIRES :  |b ESPASA-CALPE,  |c 1947 
300 |a 215 p. 
336 |a texto  |b txt  |2 rdacontenido 
337 |a sin mediación  |b n  |2 rdamedio 
338 |a volumen  |b nc  |2 rdasoporte 
440 |a AUSTRAL ;  |v 671 
520 |a INDICE 
649 |a XX 
650 |a LITERATURA -  |x COLECCIONES 
650 |a Misticismo -  |z España 
650 |a Misticismo 
910 |a Fondo General 
920 |a Impresos - Libros 
930 |a Colección General 
940 |a Literatura 
905 |a 101 
901 |a 061158  |b IT1  |c LIT  |i 061158  |u 20250521 
902 |a https://opac.biblio.iteso.mx/vufind/Record/000239517